Imprenta y periodismo en el Estado Barinas
Saved in:
| Main Author: | |
|---|---|
| Format: | Book |
| Language: | Spanish |
| Published: |
Caracas
Academia Nacional de la Historia
1997
|
| Series: | Biblioteca de la Academia Nacional de la Historia
|
| Subjects: | |
| Tags: |
Add Tag
No Tags, Be the first to tag this record!
|
MARC
| LEADER | 00000nam a2200000 a 4500 | ||
|---|---|---|---|
| 001 | UCQ6790 | ||
| 003 | CL-VaPUC | ||
| 008 | 981023e19970000VE |||||||||||||||||spa|d | ||
| 082 | 0 | 4 | |a 987.43 |b TOS |2 21 |
| 100 | 0 | |a Tosta, Virgilio |e author |9 420699 | |
| 245 | 1 | 0 | |a Imprenta y periodismo en el Estado Barinas |
| 300 | |a 321 p | ||
| 942 | |c BK | ||
| 945 | |d 19981023 00:00:00 |a mvenant | ||
| 260 | |a Caracas |b Academia Nacional de la Historia |c 1997 | ||
| 650 | 0 | |a Imprenta |9 265883 | |
| 650 | 0 | |a Historia |9 255047 | |
| 650 | 0 | |a Prensa |9 258117 | |
| 650 | 0 | |a Periodismo |9 310113 | |
| 651 | 7 | |a ESTADO BARINAS |2 CL-VaPUC |9 420700 | |
| 651 | 0 | |a Venezuela |9 254993 | |
| 583 | |a last modification |c 19981023 00:00:00 |k Rodrigo Vera | ||
| 490 | 0 | |a Biblioteca de la Academia Nacional de la Historia | |
| 999 | |c 276701 |d 276699 | ||
| 952 | |0 0 |1 0 |4 0 |6 987_430000000000000_TOS_1997 |7 0 |8 A |9 314116 |a BIBHIS |b BIBHIS |d 2019-11-20 |i 3474445 |o 987.43 TOS 1997 |p 3474445 |r 2025-01-20 |w 2019-11-20 |y BK |k HIS | ||